| 000 | 00687nam a2200205 4500 | ||
|---|---|---|---|
| 008 | 240212b |||||||| |||| 00| 0 eng d | ||
| 022 | _a9789551031176 | ||
| 082 |
_a305.3 _bGEN |
||
| 245 | _aGender dimensions of the millennium development goals in Sri Lanka | ||
| 260 |
_aColombo: _bCentre for women's research, _c2007 |
||
| 300 | _a144 p. maps included | ||
| 650 | _aMillennium Development Goals- Sri Lanka | ||
| 650 | _aWomen- Sri Lanka- Economic conditions | ||
| 650 | _aWomen in development- Government policy | ||
| 700 | _aJayaweera, Swarna | ||
| 700 | _aWijemanne, Hiranthi | ||
| 700 | _aWanasundera, Leelangi | ||
| 700 | _aVitarana, Kamini Meedeniya | ||
| 942 | _cRP | ||
| 999 |
_c4744 _d4744 |
||